000 02866nam a22003257a 4500
001 121280
008 221221s2021 xxk|||||o|||| 00| 0 eng d
020 _a9781783213979
041 _aeng
100 _aWillifer, Nigel
110 _aRoyal Institution of Chartered Surveyors
245 _aChange Control and Management
_bRICS Guidance Note
_h[Electronic resource]
250 _a1st
260 _aLondon,
_bRoyal Institution of Chartered Surveyors,
_cJanuary 2021
300 _a32p
490 _aRICS Guidance Note
490 _aRICS Practice Information
490 _aRICS Black Book
500 _aEffective April 1st 2021
500 _aThis document was originally published in January 2021 as an RICS guidance note and was reissued in March 2024 as RICS practice information.
520 _aChanges are almost inevitable during construction projects of any size. This guidance note gives advice on how to handle changes proposed and made after a contract is agreed, and covers the role of the person requiring the change, whether the employer’s agent, the project manager or the contract administrator. It also looks at the contrast between a change and a variation and the different circumstances that apply to each, with reference to relevant contract provisions. The guidance note supports the RICS core competency of Contract practice. It requires that professionals: demonstrate knowledge and understanding of the various forms of contract used in the construction industry and the change control procedures they contain, along with the digital portals available for some contracts that can be used to control change on projects apply that knowledge at a project-specific level, while being aware of the implications and obligations of the parties involved in the change control procedure provide reasoned advice on the effect of the change control procedure, be able to prepare and present reports to employers to determine the correct change control procedure to use, and advise on the correct documentation and procedure at the various stages of a construction contract. The guidance note does not detail issues such as organisational change that might be taking place at the same time as the project, which could affect change and its management. Neither does it address value management or value engineering – professionals are encouraged to refer to the relevant RICS guidance note for such information.
650 _aCHANGE CONTROL
650 _aCONSTRUCTION
650 _aQUANTITY SURVEYING
651 _aUnited Kingdom
690 _96263
_aQuantity surveying
710 _aRoyal Institution of Chartered Surveyors
856 _uhttps://www.rics.org/uk/upholding-professional-standards/sector-standards/construction/black-book/change-control-and-management-1st-edition2/
_zAvailable free on RICS.org
942 _n0
999 _c121280
_d121280